<?xml version="1.0" encoding="UTF-8"?>
<collection xmlns="http://www.loc.gov/MARC21/slim">
 <record>
  <leader>03349nam a2200229 a 4500</leader>
  <controlfield tag="001">1/47993</controlfield>
  <controlfield tag="008">181120s2008    gr            00010 gre  </controlfield>
  <datafield tag="020" ind1=" " ind2=" ">
   <subfield code="a">9789608399716</subfield>
  </datafield>
  <datafield tag="035" ind1=" " ind2=" ">
   <subfield code="l">50988</subfield>
  </datafield>
  <datafield tag="040" ind1=" " ind2=" ">
   <subfield code="a">GR-PeUP</subfield>
  </datafield>
  <datafield tag="082" ind1="0" ind2="0">
   <subfield code="a">889.15 ΛΑΜ</subfield>
  </datafield>
  <datafield tag="100" ind1="1" ind2=" ">
   <subfield code="a">Λαμπρέλλης, Δημήτρης Ν.</subfield>
  </datafield>
  <datafield tag="245" ind1="1" ind2="0">
   <subfield code="a">Χριστούγεννα στην ποίηση του Μίλτου Σαχτούρη :</subfield>
   <subfield code="b">η ανακλαστική διαλεκτική και τα ματωμένα της θραύσματα /</subfield>
   <subfield code="c">Δημήτρης Ν. Λαμπρέλλης ; πρόλογος Γιάννης Δάλλας.</subfield>
  </datafield>
  <datafield tag="260" ind1="0" ind2=" ">
   <subfield code="a">Αθήνα :</subfield>
   <subfield code="b">Ίκαρος,</subfield>
   <subfield code="c">2008.</subfield>
  </datafield>
  <datafield tag="300" ind1=" " ind2=" ">
   <subfield code="a">98 σ.</subfield>
   <subfield code="c">21 εκ.</subfield>
  </datafield>
  <datafield tag="520" ind1="0" ind2=" ">
   <subfield code="a">Στη μελέτη του αυτή την οποία προλογίζει ο Γιάννης Δάλλας, ο συγγραφέας ασχολείται με τη θεματική των Χριστουγέννων στην ποίηση του Μίλτου Σαχτούρη. Η μελέτη διαπιστώνει κατ' αρχήν ότι τα Χριστούγεννα, και όλα όσα συνδέονται με την εορτή αυτή, στην ποίηση του Σαχτούρη δεν εμφανίζονται ως η γνωστή θρησκευτική, κοινωνική και προσωπική γιορτή χαράς, αλλά μεταμορφώνονται σε γιορτή θανάτου, όταν η ιστορική συγκυρία είναι μία συγκυρία φρίκης και θανάτου για τον άνθρωπο και την κοινωνία στην οποία αυτός ζει. Με βάση τη διαπίστωση αυτή, ο συγγραφέας παρακολουθεί στη συνέχεια τις συγκεκριμένες αιτίες αυτής της μεταμόρφωσης των Χριστουγέννων στην ποίηση του Σαχτούρη, την έκτασή της καθώς επίσης την ένταση και το βάθος της. Εξετάζει, τέλος, ο ίδιος την πρόταση του Σαχτούρη για την υπέρβαση αυτής της κυριαρχίας του τρόμου, της απελπισίας και του θανάτου σε ιστορικό, κοινωνικό και θρησκευτικό επίπεδο: η υπέρβαση αυτή του τρόμου και του θανάτου έγκειται, σύμφωνα με την άποψη της ποίησης του Σαχτούρη, στη λυτρωτική διαμεσολάβηση της τέχνης, της ποίησης και του ίδιου του δημιουργού-ποιητή.</subfield>
  </datafield>
  <datafield tag="600" ind1="1" ind2="4">
   <subfield code="a">Σαχτούρης, Μίλτος,</subfield>
   <subfield code="d">1919-2005</subfield>
   <subfield code="x">Ερμηνεία και κριτική.</subfield>
  </datafield>
  <datafield tag="650" ind1=" " ind2="4">
   <subfield code="a">Ποιητές, Έλληνες.</subfield>
  </datafield>
  <datafield tag="650" ind1=" " ind2="4">
   <subfield code="a">Poets, Greek</subfield>
   <subfield code="x">Criticism and interpretation.</subfield>
  </datafield>
  <datafield tag="700" ind1="1" ind2=" ">
   <subfield code="a">Δάλλας, Γιάννης,</subfield>
   <subfield code="d">1924-</subfield>
  </datafield>
  <datafield tag="852" ind1=" " ind2=" ">
   <subfield code="a">INST</subfield>
   <subfield code="b">UNIPILB</subfield>
   <subfield code="c">MAIN</subfield>
   <subfield code="e">20181120</subfield>
   <subfield code="h">889.15 ΛΑΜ</subfield>
   <subfield code="p">00179375</subfield>
   <subfield code="q">00179375</subfield>
   <subfield code="t">LOAN</subfield>
   <subfield code="y">0</subfield>
   <subfield code="4">1</subfield>
  </datafield>
  <datafield tag="852" ind1=" " ind2=" ">
   <subfield code="a">INST</subfield>
   <subfield code="b">UNIPILB</subfield>
   <subfield code="c">MAIN</subfield>
   <subfield code="e">20181120</subfield>
   <subfield code="h">889.15 ΛΑΜ</subfield>
   <subfield code="p">00179376</subfield>
   <subfield code="q">00179376</subfield>
   <subfield code="t">LOAN</subfield>
   <subfield code="y">0</subfield>
   <subfield code="4">2</subfield>
  </datafield>
 </record>
</collection>
